Морякът в пустинята (Запис номер 173128)
[ съкратено ]
| 000 -Лидер | |
|---|---|
| Контролно поле с фиксирана дължина | 01095nam a2200301 c 4500 |
| 003 - Код на организацията, давaща контролен номер | |
| Контролно поле | BLK |
| 005 - Дата и час на последна редакция | |
| Контролно поле | 20180422114557.0 |
| 008 - Елементи от данни с фиксирана дължина | |
| fixed length control field | 180411b bul|||||r ||||||| ||bul|| |
| 010 ## - Наследен системен номер | |
| LC control number | KNG00181509000 |
| 040 ## - Източник на каталожния запис | |
| Идентификатор на билиотеката - собственик на записа | BLK |
| 041 ## - Код за език | |
| Код за езика на текст/звукозапис или на отделно заглавие | Български |
| Код за езика КДБФ | Български |
| 080 ## - УДК | |
| Текстов определител УДК | Българска литература |
| УДК код - определител по УДК | 821.163.2 |
| УДК определител | -94 |
| УДК - код + определител | 821.163.2-94 |
| 100 1# - Редна дума - Автор | |
| Автор | Спасов, Спас |
| Авторска отговорност | първи автор |
| R(LIN) | 369723 |
| 139 ## - Редно поле | |
| Редна дума | Спасов, Спас |
| Авторски знак | Сп - С 55 |
| 245 10 - Сведения за заглавието | |
| Заглавие | Морякът в пустинята |
| Подзаглавни данни | Спомени |
| Редно поле (дума) | Спас Спасов; лит. обраб. Иванка Димитрова Коларова. |
| 257 ## - Страна на издаване | |
| Страна на създаване/издаване | България |
| 260 ## - Област на издателските данни | |
| -- | София |
| Име на издателя, разпространителя и проч. | Държ. воен. изд. |
| Година на издаване | 1961 |
| 300 ## - Физическа характеристика | |
| Страници | 292 с. |
| Размери/Мащаб | 25 см |
| 380 ## - Жанр | |
| Жанр | Худож. лит. |
| 500 ## - Общи забележки | |
| Забележка | Авт. не е даден на кор. - 5 100 тир. |
| 653 ## - Ключова дума – ненормативна | |
| Ключова дума | спомени |
| 700 1# - Други автори (авторска отговорност) | |
| Лично име | Коларова, Иванка Димитрова |
| Автороска отговорност (Описва отношението между автора и произведението) | лит. обраб. |
| 9 (RLIN) | 382984 |
| 852 ## - Местоположение | |
| Форматна сигнатура | Цб 18614 |
| 856 4# - Електронен адрес и достъп | |
| Електронен формат | pdf - файл |
| Път до файла /url/ | |
| 856 4# - Електронен адрес и достъп | |
| Електронен формат | pdf - файл |
| Път до файла /url/ | |
| 942 ## - АРТИКУЛИ | |
| Вид на библиотечния материал | Книги |
| Скрит в OPAC | Не |
| 944 ## - СЪЗДАВАНЕ И РЕДАКЦИЯ на ЗАПИСА | |
| Създаване/Редакция | Създаване |
| Дата на регистрацията/редакция | 10.09.2015 |
| Служител, извършил регистрацията/редакцията | Елица_Владова |
| 944 ## - СЪЗДАВАНЕ И РЕДАКЦИЯ на ЗАПИСА | |
| Създаване/Редакция | Редакция |
| Дата на регистрацията/редакция | 25.09.2017 |
| Служител, извършил регистрацията/редакцията | Вася_Ганчева |
| 999 ## - СИСТЕМНИ КОНТРОЛНИ НОМЕРА | |
| Koha biblionumber | 173128 |
| Koha biblioitemnumber | 173128 |
| Код за отписване | Код за изгубен артикул | Източник на класификационната схема | Код за повреда | Коз за рестрикции | Код за отдаване | Артикулен № | Име на библиотеката - собственик | Име на библиотеката, в която се намира в момента | Статус (Текущо местоположение) | Дата на вписване в системата | Местоположение - отдел | Цена в лева | Инвентарен номер | Систематично азбучна сигнатура | Баркод | Номер на екземпляра | Цена в евро | Служебна бележка | Служебен тип на артикула | Бележка за публиката |
|---|---|---|---|---|---|---|---|---|---|---|---|---|---|---|---|---|---|---|---|---|
| Не е изгубен | Universal Decimal Classification | Не е повреден | без рестрикции | ползва се в читалня | 295672 | Регионална библиотека "Любен Каравелов" Русе | Регионална библиотека "Любен Каравелов" Русе | Хранилище | 1961-01-01 | Хранилище | 1.03 | 4746/61 | Цб 18614 | 900000086487 | 1 | 0.53 | N: стар фонд Дата: 01.01.1961 | Книги | ||
| Изтеглен | Не е изгубен | Universal Decimal Classification | Не е повреден | без рестрикции | заемане за дома | 295673 | Регионална библиотека "Любен Каравелов" Русе | Регионална библиотека "Любен Каравелов" Русе | Заемна - подръчен фонд | 1961-01-01 | Заемна - подръчен фонд | 3861/61 | П 886.7-94/С 55 | 3861/61 | 2 | 0.00 | N: стар фонд Дата: 01.01.1961 | Книги | ||
| Изтеглен | Не е изгубен | Universal Decimal Classification | Не е повреден | без рестрикции | заемане за дома | 295674 | Регионална библиотека "Любен Каравелов" Русе | Регионална библиотека "Любен Каравелов" Русе | Заемна - подръчен фонд | 1961-01-01 | Заемна - подръчен фонд | 3865/61 | П 886.7-94/С 55 | 3865/61 | 3 | 0.00 | N: стар фонд Дата: 01.01.1961 | Книги | ||
| Изтеглен | Не е изгубен | Universal Decimal Classification | Не е повреден | без рестрикции | заемане за дома | 295675 | Регионална библиотека "Любен Каравелов" Русе | Регионална библиотека "Любен Каравелов" Русе | Заемна - подръчен фонд | 1961-01-01 | Заемна - подръчен фонд | 3867/61 | П 886.7-94/С 55 | 3867/61 | 4 | 0.00 | N: стар фонд Дата: 01.01.1961 | Книги | ||
| Изтеглен | Не е изгубен | Universal Decimal Classification | Не е повреден | без рестрикции | заемане за дома | 295676 | Регионална библиотека "Любен Каравелов" Русе | Регионална библиотека "Любен Каравелов" Русе | Заемна - подръчен фонд | 1961-01-01 | Заемна - подръчен фонд | 3874/61 | П 886.7-94/С 55 | 3874/61 | 5 | 0.00 | N: стар фонд Дата: 01.01.1961 | Книги | ||
| Изтеглен | Не е изгубен | Не е повреден | без рестрикции | заемане за дома | 295677 | Регионална библиотека "Любен Каравелов" Русе | Регионална библиотека "Любен Каравелов" Русе | 1961-01-01 | Детски отдел | 1.02 | 4126/61 | ДХ 886.7/С 55 | 4126/61 | 6 | 0.52 | N: стар фонд Дата: 01.01.1961 Дата инв: 28.09.2015 Бележки инв: Д2015 | Книги | Отч.N: 34/2017 , Дата: 05.09.2017 |